The perishable empire : (Record no. 10207)

MARC details
000 -LEADER
fixed length control field 00522cam a2200181ua 4500
001 - CONTROL NUMBER
control field 11376
005 - DATE AND TIME OF LATEST TRANSACTION
control field 20260515114739.0
008 - FIXED-LENGTH DATA ELEMENTS--GENERAL INFORMATION
fixed length control field 190916n ii |||gr||||Z||||||eng
040 ## - CATALOGING SOURCE
Transcribing agency MAIN
082 ## - DEWEY DECIMAL CLASSIFICATION NUMBER
Classification number 824
100 ## - MAIN ENTRY--PERSONAL NAME
Personal name Meenakshi Mukherjee . ,
Relator term Author.,
245 ## - TITLE STATEMENT
Title The perishable empire :
Remainder of title essays on Indian writing in english /
Statement of responsibility, etc. By Meenakshi Mukherjee .
260 ## - PUBLICATION, DISTRIBUTION, ETC.
Place of publication, distribution, etc. [s.l]:
Name of publisher, distributor, etc. Oxford University Press,
Date of publication, distribution, etc. 2000.
300 ## - PHYSICAL DESCRIPTION
Extent 212p.
653 ## - INDEX TERM--UNCONTROLLED
Uncontrolled term English essays
653 ## - INDEX TERM--UNCONTROLLED
Uncontrolled term Indian writing in english
942 ## - ADDED ENTRY ELEMENTS (KOHA)
Koha item type Books
Holdings
Withdrawn status Lost status Damaged status Not for loan Home library Current library Shelving location Date acquired Total checkouts Full call number Barcode Date last seen Copy number Price effective from Koha item type
        Naharkatiya College Library Naharkatiya College Library General stacks 09/19/2020   824English Literature | MUK 27633 09/19/2020 1 09/19/2020 Books
        Naharkatiya College Library Naharkatiya College Library General stacks 09/19/2020   824English Literature | MUK 27634 09/19/2020 2 09/19/2020 Books